| 000 | 01151nac a22003251i 4500 | ||
|---|---|---|---|
| 003 | EG-ScBUE | ||
| 005 | 20250326085749.0 | ||
| 008 | 250305t1997 nyua f 001 0 eng d | ||
| 020 | _a0070089418 | ||
| 020 | _a9780070089419 | ||
| 040 |
_aEG-ScBUE _beng _erda _cEG-ScBUE _dEG-ScBUE |
||
| 082 | 0 | 4 |
_a530.076 _bBUE _222 |
| 100 | 1 |
_aBueche, Frederick J., _eauthor. |
|
| 245 | 1 | 0 |
_aSchaum’s outline of theory and problems of college physics / _cFrederick J. Bueche, Ph.D., distinguished professor at Large University of Dayton, Eugene Hecht, Ph.D., professor of Physics, Adelphi University. |
| 246 | 3 | 0 | _aTheory and problems of college physics |
| 250 | _aNinth edition. | ||
| 264 | 1 |
_aNew York : _bMcGraw-Hill, _c[1997] |
|
| 264 | 4 | _cc1997 | |
| 300 |
_ax, 437 pages : _billustrations ; _c24 cm. |
||
| 336 |
_2rdacontent _atext _btxt |
||
| 337 |
_aunmediated _2rdamedia _bn |
||
| 338 |
_avolume _bnc _2rdacarrier |
||
| 490 | 0 | _aSchaum’s outline series | |
| 500 | _aIncludes index. | ||
| 500 | _aIncludes appendix. | ||
| 650 | 7 |
_aPhysics _vTextbooks. _2BUEsh |
|
| 655 | _vReading book | ||
| 700 | 1 |
_aHecht, Eugene, _eauthor. |
|
| 942 |
_cBB _2ddc |
||
| 999 |
_c135 _d135 |
||